Creating and capturing value through crowdsourcing (Record no. 4970)

MARC details
000 -CABECERA
campo de control de longitud fija 02613cam a2200349 i 4500
001 - NÚMERO DE CONTROL
campo de control 99110151223804341
005 - FECHA Y HORA DE LA ÚLTIMA TRANSACCIÓN
campo de control 20260512144540.0
008 - DATOS DE LONGITUD FIJA--INFORMACIÓN GENERAL
campo de control de longitud fija 170724s2018 enka b 001 0 eng c
010 ## - NÚMERO DE CONTROL DE LA BIBLIOTECA DEL CONGRESO
Número de control de LC 2017952316
020 ## - NÚMERO INTERNACIONAL ESTÁNDAR DEL LIBRO
Número Internacional Estándar del Libro 9780198816225 (hardcover)
035 ## - NÚMERO DE CONTROL DEL SISTEMA
Número de control de sistema (OCoLC)ocn994787378
035 ## - NÚMERO DE CONTROL DEL SISTEMA
Número de control de sistema (OCoLC)994787378
035 ## - NÚMERO DE CONTROL DEL SISTEMA
Número de control de sistema (StEdNL)11015122-nlsdb-Voyager
040 ## - FUENTE DE LA CATALOGACIÓN
Centro catalogador/agencia de origen YDX
Lengua de catalogación eng
Normas de descripción rda
Centro/agencia transcriptor YDX
Centro/agencia modificador SINLB
-- YDX
-- CHVBK
-- OCLCO
-- INU
-- NLE
041 ## - CÓDIGO DE LENGUA
Código de lengua del texto/banda sonora o título independiente English
042 ## - CÓDIGO DE AUTENTICACIÓN
Código de autenticación pcc
049 ## - FONDOS LOCALES (OCLC)
Fondos de biblioteca NLES
050 #4 - SIGNATURA TOPOGRÁFICA DE LA BIBLIOTECA DEL CONGRESO
Número de clasificación QA76.9.H84
Número de documento/Ítem C74 2018
245 00 - MENCIÓN DE TÍTULO
Título Creating and capturing value through crowdsourcing
Mención de responsabilidad, etc. / edited by Christopher L. Tucci, Allan Afuah, and Gianluigi Viscusi.
250 ## - MENCIÓN DE EDICIÓN
Mención de edición First edition
264 #1 - PRODUCCIÓN, PUBLICACIÓN, DISTRIBUCIÓN, FABRICACIÓN Y COPYRIGHT
Producción, publicación, distribución, fabricación y copyright Oxford :
Nombre del de productor, editor, distribuidor, fabricante Oxford University Press,
Fecha de producción, publicación, distribución, fabricación o copyright 2018.
300 ## - DESCRIPCIÓN FÍSICA
Extensión xxiv, 351 pages :
Otras características físicas illustrations ;
Dimensiones 24 cm
504 ## - NOTA DE BIBLIOGRAFÍA, ETC.
Nota de bibliografía, etc. Includes bibliographical references and index.
520 ## - SUMARIO, ETC.
Sumario, etc. Examples of the value that can be created and captured through crowdsourcing go back to at least 1714 when the UK used crowdsourcing to solve the Longitude Problem, obtaining a solution that would enable the UK to become the dominant maritime force of its time. Today, Wikipedia uses crowds to provide entries for the world's largest and free encyclopedia. Partly fueled by the value that can be created and captured through crowdsourcing, interest in researching the phenomenon has been remarkable.<br/><br/>Despite this - or perhaps because of it - research into crowdsourcing has been conducted in different research silos, within the fields of management (from strategy to finance to operations to information systems), biology, communications, computer science, economics, political science, among others. In these silos, crowdsourcing takes names such as broadcast search, innovation tournaments, crowdfunding, community innovation, distributed innovation, collective intelligence, open source, crowdpower, and even open innovation. This book aims to assemble chapters from many of these silos, since the ultimate potential of crowdsourcing research is likely to be attained only by bridging them. Chapters provide a systematic overview of the research on crowdsourcing from different fields based on a more encompassing definition of the concept, its difference for innovation, and its value for both private and public sector.
650 #0 - PUNTO DE ACCESO ADICIONAL DE MATERIA--TÉRMINO DE MATERIA
Término de materia o nombre geográfico como elemento de entrada Group decision making
9 (RLIN) 8438
650 #0 - PUNTO DE ACCESO ADICIONAL DE MATERIA--TÉRMINO DE MATERIA
Término de materia o nombre geográfico como elemento de entrada Crowdsourcing.
9 (RLIN) 25928
650 #0 - PUNTO DE ACCESO ADICIONAL DE MATERIA--TÉRMINO DE MATERIA
Término de materia o nombre geográfico como elemento de entrada Business networks
9 (RLIN) 5413
700 ## - ENTRADA AGREGADA--NOMBRE PERSONAL
Nombre de persona Tucci, Christopher L.,
Término indicativo de función/relación editor.
9 (RLIN) 25929
700 ## - ENTRADA AGREGADA--NOMBRE PERSONAL
Nombre de persona Afuah, Allan,
Término indicativo de función/relación editor.
9 (RLIN) 25930
700 ## - ENTRADA AGREGADA--NOMBRE PERSONAL
Nombre de persona Viscusi, Gianluigi,
Fechas asociadas al nombre 1972-
Término indicativo de función/relación editor.
942 ## - ELEMENTOS DE ENTRADA AGREGADA (KOHA)
Fuente del sistema de clasificación o colocación Clasificación de Library of Congress
Holdings
Estado de retiro Estado de pérdida Fuente del sistema de clasificación o colocación Estado dañado No para préstamo Biblioteca de origen Biblioteca actual Fecha de adquisición Total de préstamos Signatura topográfica completa Código de barras Fecha visto por última vez Número de copia Precio válido a partir de Tipo de ítem Koha
    Clasificación de Library of Congress     TBS Barcelona TBS Barcelona 18/09/2025   QA76.9.H84 TUC B07663 18/09/2025 1 18/09/2025 Book

Powered by Koha